| 000 | 00873nam a22002417a 4500 | ||
|---|---|---|---|
| 008 | 160322b xxu||||| |||| 00| 0 eng d | ||
| 020 | _a9781118647196 | ||
| 082 |
_22014 _aDC 005.65 _bP931 |
||
| 100 |
_94152 _aPrice, Christopher |
||
| 245 |
_aBuilding performance dashboards and balanced scorecards: _bwith SQL server reporting services/ _cChristopher Price [and 2 others]. |
||
| 260 |
_aCanada: _bJohn Wiley & Sons, Inc., _cc2014. |
||
| 300 |
_axxiii, 288 pages: _billustrations; _c23.7 cm. |
||
| 500 | _aInclude index. | ||
| 650 | 0 |
_94153 _aPerformance technology |
|
| 650 | 0 |
_94396 _aClient/server computing |
|
| 650 | 0 |
_94400 _aSQL server |
|
| 650 | 0 |
_94397 _aDatabase management |
|
| 650 | 0 |
_94398 _aOrganizational effectiveness _xData processing |
|
| 700 |
_94157 _aJorgensen, Adam |
||
| 700 |
_94158 _aKnight, Devin |
||
| 365 |
_b3,595.00 _cPhp. |
||
| 942 |
_2ddc _cDC |
||
| 999 |
_c1383 _d1383 |
||